000 00404 a2200169 4500
001 115299
020 _a9788520924259
041 _apor
090 _aP Year 8 869
250 _a. ed.
697 _aTeatro Brasileiro
040 _aBR-BrIDEA
_cBR-BrIDEA
100 _aGomes, Dias
_d1922 - 1999
245 1 0 _aO pagador de promessas
_c Dia Gomes
260 _a[S.l.]
_bNova Fronteira
_c2010
942 _cBK
999 _c115299
_d115299